| 000 | 00884nam a2200265 4500 | ||
|---|---|---|---|
| 010 | _a077763 | ||
| 020 | _c1.50 | ||
| 035 | _a077763 | ||
| 037 | _bCen Lib / Ret | ||
| 040 |
_aDPL _bHN |
||
| 082 |
_aक _bसेनगु |
||
| 100 | _aसेन गुप्त | ||
| 245 |
_aगल्प- संसार माला / _cसम्पादक सेन गुप्त |
||
| 246 |
_aGalp-sansar mala / _bedited by Sen-Gupt Nandgopal |
||
| 250 | _b3rd ed | ||
| 260 |
_aबनारस _bसरस्वती प्रेस _c1946 |
||
| 270 | _bबनारस | ||
| 300 |
_av 3. 197p _b24cm.(Hb) |
||
| 500 | _av 3. बँगला | ||
| 650 | _aहिन्दी साहित्य – कहानी | ||
| 650 | _aहिन्दी साहित्य | ||
| 650 | _aHindi story | ||
| 650 | _aHindi literature | ||
| 942 |
_2ddc _cHN _hक _mसेनगु |
||
| 999 |
_c122284 _d122284 |
||